000 00911cab a2200265 4500
001 WB3112-03
008 090401t1995 xxu||||| |||| 00| 0 eng d
035 _a(Sirsi) u35596
041 _aeng
245 _aGovernment construction projects
260 _c1995
350 _a0
490 _aNew Builder
_v(250) 17 March 1995, 6(1)
520 _aThe MoD, leading an inquiry into how Government procures construction projects, is itself the least efficient procurer of all Government departments, according to the quarterly "Attitude survey" by New Builder and JT Design Build.
650 _aGOVERNMENT CONSTRUCTION PROJECTS
650 _aLATHAM REFORMS
650 _aLEVENE INQUIRY
650 _aMINISTRY OF DEFENCE
650 _aMOD
650 _aNEW BUILDER / JT DESIGN BUILD ATTITUDE SURVEY
650 _aProcurement-old
690 _aBUILT ENVIRONMENT
942 _n0
948 _c04/03/1997
999 _c23291
_d23291